000 00711nam a2200205Ia 4500
001 15579
003 GE_BSU
008 181216s||||||||xx |||||||||||||| ||und||
040 _cGE_BSU
080 _a821.353.1
100 _aჭილაძე, ოთარ
245 _aრჩეული თხზულებანი 3 ტომად. ტ.1
245 _cრედ. ნ. ინასარიძე. მხატვ. ჯ. ყავლაშვილი
260 _aთბილისი
260 _bსაბჭ. საქართველო
260 _c1986
300 _a600გვ.1ფ.პორტრ.21სმ.
653 _aრჩეული თხზულებანი
942 _cBK
999 _c48679
_d48679